000 00569nam a22001697a 4500
005 20231115130820.0
008 231115b |||||||| |||| 00| 0 eng d
020 _a9780409044850 ; 9780409127560
041 _aEnglish
082 _a344.1 MYB
100 _aMyburgh, A ; Bosch, C and Itzkin, R
_lEnglish
245 _aReviews in the Labour Courts /
_cA Myburgh, A Bosch and R Itzkin
260 _aDurban :
_bLexisNexis (Pty) Ltd,
_c2016
300 _bxiii, 518 pages ;
_c24,8 cm.
650 _aLegal practice
_bLaw
942 _cBK
_6ALISON_BN_VRIES
999 _c681
_d681